000 00284nam a2200109Ia 4500
001 588962
005 20250717120840.0
008 250717s9999 xx 000 0 und d
245 0 _aY-10 BİZ SAVAŞ ÇOCUKLARIYDIK
_cSEVİNÇ KUŞOĞLU
260 _bERDEM YAYINLARI
_c2017
300 _b109
999 _c588962
_d588962